000 00404nam a22001697a 4500
003 CEME
005 20210628202242.0
008 210317b xxu||||| |||| 00| 0 eng d
040 _c.
082 _a297.09 MAZ'O
100 _aMazhar-Ul-Haq
_937285
245 _aA short history of islam
260 _aLAHORE
_bBOOKLAND
_c1999
300 _a787P
650 _aISLAMIC HISTORY
_924120
942 _cBK
_2ddc
999 _c569075
_d569075